LEADER 01203nam0 2200325 450 001 000022007 005 20090508092313.0 100 $a20080723d1938----km-y0itaa50------ba 101 1 $aita 102 $aIT 200 1 $aPellegrinaggi francescani$fdi Giovanni Joergensen$g[traduzione dal danese di L. G. Tenconi] 205 $a2. ed. 210 $aMilano$cCorbaccio$d1938 215 $a274 p.$d18 cm 225 2 $a<> corvi$v80 300 $aIn cop. e in testa al front. firma autografa: Sergio de Pilato, giugno '938, XVI 300 $aL. 5 410 0$12001$a<> corvi$v80 676 $a248.220922$v(21. ed.)$9Esperienza religiosa cristiana. Misticismo. Gruppi di persone 700 1$aJørgensen,$bJohannes$0757391 702 1$aTenconi,$bLuigi Galeazzo 801 0$aIT$bUniversità della Basilicata - B.I.A.$gRICA$2unimarc 912 $a000022007 996 $aPellegrinaggi francescani$91527953 997 $aUNIBAS BAS $aLETTERE CAT $aSTD064$b01$c20080723$lBAS01$h1437 CAT $aTTM$b30$c20090508$lBAS01$h0923 FMT Z30 -1$lBAS01$LBAS01$mBOOK$1BASA1$APolo Storico-Umanistico$2FDEP2$BFondo De Pilato Biscione$3FD/108148$6108148$5L108148$820090508$f52$FRari LEADER 00942nam0-2200337li-450 001 990000148860203316 005 20180312154824.0 010 $a0-521-42028-8 035 $a0014886 035 $aUSA010014886 035 $a(ALEPH)000014886USA01 035 $a0014886 100 $a20001109d1994----km-y0itay0103----ba 101 0 $aeng 102 $aGB 200 1 $aElementary probability$fDavid Stirzaker 210 $aCambridge$cUniversity Press$dcopyr. 1994 610 1 $aprobabilita' 676 $a519.2$9. 700 1$aStirzaker,$bDavid$047394 801 $aSistema bibliotecario di Ateneo dell' Università di Salerno$gRICA 912 $a990000148860203316 951 $a519.2 STI$b0006969 959 $aBK 969 $aTEC 979 $c19960528 979 $c20001110$lUSA01$h1712 979 $c20020403$lUSA01$h1622 979 $aPATRY$b90$c20040406$lUSA01$h1611 996 $aElementary probability$9277361 997 $aUNISA